Textbook of mechanics of materials (Record no. 565309)
[ view plain ]
| 000 -LEADER | |
|---|---|
| fixed length control field | 00360nam a2200121Ia 4500 |
| 008 - FIXED-LENGTH DATA ELEMENTS--GENERAL INFORMATION | |
| fixed length control field | 210430s9999 xx 000 0 und d |
| 082 ## - DEWEY DECIMAL CLASSIFICATION NUMBER | |
| Classification number | 620.1123P8951T |
| 100 ## - MAIN ENTRY--PERSONAL NAME | |
| Personal name | Shesha Prakash,G.S Suresh |
| 9 (RLIN) | 54665 |
| 245 ## - TITLE STATEMENT | |
| Title | Textbook of mechanics of materials |
| Statement of responsibility, etc. | Shesha Prakash,G.S Suresh |
| 260 ## - PUBLICATION, DISTRIBUTION, ETC. | |
| Place of publication, distribution, etc. | New Delhi |
| Name of publisher, distributor, etc. | PHI Limited |
| Date of publication, distribution, etc. | 2011 |
| 300 ## - PHYSICAL DESCRIPTION | |
| Extent | 322p. |
| 942 ## - ADDED ENTRY ELEMENTS (KOHA) | |
| Koha item type | Reference |
| Source of classification or shelving scheme | |
| Withdrawn status | Lost status | Damaged status | Not for loan | Permanent Location | Current Location | Shelving location | Date acquired | Total Checkouts | Full call number | Barcode | Date last seen | Price effective from | Koha item type |
|---|---|---|---|---|---|---|---|---|---|---|---|---|---|
| School of Chemical & Materials Engineering (SCME) | School of Chemical & Materials Engineering (SCME) | Reference | 03/18/2012 | 620.1123P8951T | SCME-4617 | 04/30/2021 | 04/30/2021 | Reference |
